000 00275nam a22001337a 4500
008 180109b xxu||||| |||| 00| 0 eng d
020 _a096335101
041 _aeng
080 _a574
100 _a9
101 _aMJE
245 _aWATER RIGHT
_cMARC.H.T
942 _2udc
_cBK
999 _c39917
_d39917